Memorias de Carmelo Fernández

Guardat en:
Dades bibliogràfiques
Format: Llibre
Idioma:espanyol
Publicat: Caracas Gobernación del Estado Yaracuy 1973
Col·lecció:Biblioteca de la Academia Nacional de la Historia, 7
Matèries:
Etiquetes: Afegir etiqueta
Sense etiquetes, Sigues el primer a etiquetar aquest registre!

MARC

LEADER 00000nam a2200000 a 4500
001 UCR1387
003 CL-VaPUC
008 971219e19730000VE |||||||||||||||||spa|d
082 0 4 |a 987.04  |b MEM  |2 21 
245 1 0 |a Memorias de Carmelo Fernández 
246 1 0 |a Recuerdos de Santa Marta 1842 
300 |a 142 p 
942 |c BK 
945 |d 19971219 00:00:00  |a cmena 
260 |a Caracas  |b Gobernación del Estado Yaracuy  |c 1973 
600 0 |a Páez, José Antonio,  |d 1790-1873  |9 381757 
600 0 7 |a FERNANDEZ, CARMELO  |2 CL-VaPUC  |9 398418 
650 0 |a Historia venezolana  |9 393448 
650 7 |a HISTORIA SIGLO 19  |2 CL-VaPUC  |9 257187 
650 0 |a Fuerzas Armadas  |9 255504 
650 0 |a Independencia   |9 344246 
651 0 |a Venezuela  |9 254993 
583 |a last modification  |c 19971219 00:00:00  |k Rodrigo Vera 
490 0 |a Biblioteca de la Academia Nacional de la Historia, 7 
999 |c 264790  |d 264788 
952 |0 0  |1 0  |4 0  |6 987_040000000000000_MEM_1973  |7 0  |8 DER_HDC  |9 295286  |a BIBDER  |b BIBDER  |d 2019-11-19  |i 1922297  |o 987.04 MEM 1973  |p 1922297  |r 2023-01-25  |w 2019-11-19  |x Ubicación 4to Piso  |y BK  |z Estos recursos deben solicitarse con anticipación  |k DER